| 000 | 00533nam a2200133Ia 4500 | ||
|---|---|---|---|
| 008 | 100328s9999 xx 000 0 und d | ||
| 082 | _b71506 | ||
| 100 | _aकुलकर्णी र.म. | ||
| 245 | _aवास्तूदोष कारण व हमखास 100% उपाय | ||
| 260 | _bश्री गजानन | ||
| 630 | _aवास्तूदोष कारण व हमखास 100% उपाय | ||
| 730 | _aवास्तूदोष कारण व हमखास 100% उपाय | ||
| 942 | _cBOOK | ||
| 999 |
_c557230 _d557227 |
||